| 000 | 00685cab a22001815a 4500 | ||
|---|---|---|---|
| 001 | L158791 | ||
| 008 | 150723e2015 xxk 000 0 eng d | ||
| 035 | _a(Sirsi) u158791 | ||
| 041 | 0 | _aeng | |
| 100 | 1 | _aHumes, Nicholas | |
| 245 | 0 | 0 | _aEasy wins for regulation |
| 490 |
_aRICS Building Control _vJune 2015- July 2015, 16-17(2) |
||
| 520 | _aNicholas Humes looks at how building information modelling (BIM) can free building control staff from basic checking tasks. | ||
| 650 | 2 | 4 |
_aBIM _96219 |
| 651 | 4 |
_aUnited Kingdom _y |
|
| 856 | 4 | 8 |
_uhttps://www.rics.org/uk/knowledge/journals/building-control-journal _zView the journal free of charge at www.rics.org/journals... |
| 942 | _n0 | ||
| 999 |
_c84698 _d84698 |
||